Quick Pick: Japanese Landmarks Quiz Stats

 Plays Quiz Updated Jan 17, 2018

Score 0/15 Timer 01:30
0 Plays Today
% Correct
Mount
89.7%
Bomb
84.5%
Studios
83.4%
National
79.8%
Palace
78.5%
Garden
69%
Open
55.8%
Buddha
54.6%
% Correct
Ghibli
54.2%
Peace
49.4%
Nijō
48.5%
Zen
44.9%
Ashi
42.4%
Five
40.9%
Monkey
33.2%

Today's Daily Dose

Missing Word
Wicked Songs

Word Ladder
Blue Ivies

Get the Picture
Green on the Flag?

You're not logged in!

Compare scores with friends on all Sporcle quizzes.
OR
Log In

You Might Also Like...

Show Comments

Extras

Top Quizzes Today


Score Distribution

Your Account Isn't Verified!

In order to create a playlist on Sporcle, you need to verify the email address you used during registration. Go to your Sporcle Settings to finish the process.

Report this User

Report this user for behavior that violates our Community Guidelines.

Details: